Fisherian and Ricardian Trade

Na minha lista:
Detalhes bibliográficos
Autor principal: Sinn, Stefan
Formato: Livro
Idioma:inglês
Publicado em: Kiel Institut für Weltwirtschaft 1991
Edição:1. ed.
Colecção:Working Paper No.484
Tags: Adicionar Tag
Sem tags, seja o primeiro a adicionar uma tag!

MARC

LEADER 00000nam a2200000 4500
001 c032253
005 20221214093611.0
041 0 |a eng 
044 |a DE 
245 1 0 |a Fisherian and Ricardian Trade  |c Stefan Sinn 
250 |a 1. ed. 
264 1 |a Kiel  |b Institut für Weltwirtschaft  |c 1991 
300 |a 29 s. 
490 1 |a Working Paper  |v No.484 
830 0 |a Working Paper  |v No.484 
100 1 |a Sinn, Stefan